|
|
|
แสดงรายละเอียดบรรณานุกรม |
|
|
Brief Record
: Get Marc (ISO 2709)
: E-mail record
: |
|
|
| LEADER 00000nam 2200000uu 4500 | |||
| 001 13399128724 | |||
| 003 BCNR | |||
| 008 251107s2568||||th 000 0 tha d | |||
| 020 ^a9786166263923 | |||
| 041 ^atha | |||
| 060 4 ^aWA105^bบ452ร 2568 | |||
| 100 0 ^aบุญเตือน วัฒนกุล | |||
| 245 00 ^aระบาดวิทยา :^bการประยุกต์แนวคิด หลักการและวิธีการสู่การปฏิบัติการพยาบาล = Epidemiology : application of concepts, principles and methods into nursing practices /^cบุญเตือน วัฒนกุล | |||
| 246 31 ^aEpidemiology : application of concepts, principles and methods into nursing practices | |||
| 250 ^aพิมพ์ครั้งที่ 1 | |||
| 260 ^aเชียงใหม่ :^bวนิดาการพิมพ์,^c2568 | |||
| 300 ^a154 หน้า :^bภาพประกอบสี, ตาราง ;^c25 ซม. | |||
| 505 0 ^aบทที่ 1 แนวคิด หลักการ และวิธีการทางระบาดวิทยา -- บทที่ 2 หลักการและวิธีการปฏิบัติการพยาบาลเพื่อปกป้องคนจากโรคติดเชื้อ -- บทที่ 3 หลักการและวิธีการปฏิบัติการพยาบาลเพื่อสร้างเสริมสุขภาพ -- บทที่ 4 หลักการและวิธีการปฏิบัติการพยาบาลเพื่อป้องกันโรคติดเชื้อ -- บทที่ 5 ความท้าทายในการนำแนวคิดทางระบาดวิทยาสู่การปฏิบัติการพยาบาล | |||
| 650 4 ^aระบาดวิทยา | |||
| 999 ^aบรรณารักษ์ | |||
| คุณยังไม่ได้ล็อกอิน คุณสามารถมีกิจกรรมร่วมกับเว็บไซต์ได้ แต่ต้องล็อกอินก่อน :: |
|
| สถานะ | |||||||||
| 1. | หนังสือ | WA105 บ452ร 2568 c.1 Barcode: 087166 | ►หนังสือทั่วไป | On Shelf | |||||
| 2. | หนังสือ | WA105 บ452ร 2568 c.2 Barcode: 087670 | ►หนังสือทั่วไป | On Shelf | |||||
| 3. | หนังสือ | WA105 บ452ร 2568 c.3 Barcode: 087671 | ►หนังสือทั่วไป | On Shelf | |||||
| 4. | หนังสือ | WA105 บ452ร 2568 c.4 Barcode: 087672 | ►หนังสือทั่วไป | On Shelf | |||||
| 5. | หนังสือ | WA105 บ452ร 2568 c.5 Barcode: 087673 | ►หนังสือทั่วไป | On Shelf | |||||
| 6. | หนังสือ | WA105 บ452ร 2568 c.6 Barcode: 087674 | ►หนังสือทั่วไป | On Shelf | |||||
| 7. | หนังสือ | WA105 บ452ร 2568 c.7 Barcode: 087675 | ►หนังสือทั่วไป | On Shelf | |||||
| 8. | หนังสือ | WA105 บ452ร 2568 c.8 Barcode: 087676 | ►หนังสือทั่วไป | On Shelf | |||||
| 9. | หนังสือ | WA105 บ452ร 2568 c.9 Barcode: 087677 | ►หนังสือทั่วไป | On Shelf | |||||
| 10. | หนังสือ | WA105 บ452ร 2568 c.10 Barcode: 087678 | ►หนังสือทั่วไป | On Shelf | |||||
| [แสดง 10/10 รายการ] | |||||||||
BibComment |
| คอมเมนท์ทรัพยากรรายการนี้ |
|
|